[Event "Syre Memorial op 23rd"]
[Site "Issy les Moulineaux"]
[Date "2000.06.01"]
[Round "1"]
[White "Daillet, Emmanuel"]
[Black "Labarthe, Arnaud"]
[Result "1-0"]
[WhiteElo "2231"]
[BlackElo "2074"]
[PlyCount "41"]
[EventDate "2000.06.01"]
[EventType "swiss"]
[EventRounds "6"]
[EventCountry "FRA"]
[SourceTitle "CBM 076 Extra"]
[Source "ChessBase"]
[SourceDate "2000.07.11"]
[SourceVersion "1"]
[SourceVersionDate "2000.07.11"]
[SourceQuality "1"]

1. e4 d5 2. exd5 Nf6 3. d4 Bg4 4. Nf3 Qxd5 5. Be2 Nc6 6. h3 Qh5 7. Rg1 Bxf3 8. Bxf3 Qf5 9. c3 e5 10. g4 Qd7 11. g5 Ng8 12. d5 Nce7 13. Be3 Nf5 14. Qb3 Nxe3 15. fxe3 Rb8 16. Bg4 Qd6 17. Nd2 Ne7 18. 0-0-0 h5 19. Ne4 Qg6 20. Qa4+ Kd8 21. Qd7# 1-0

[Event "Clichy MI"]
[Site "Clichy"]
[Date "2000.??.??"]
[Round "8"]
[White "Daillet, Emmanuel"]
[Black "Piot, Olivier"]
[Result "0-1"]
[WhiteElo "2231"]
[BlackElo "2248"]
[PlyCount "110"]
[EventDate "2000.02.??"]
[EventType "tourn"]
[EventRounds "9"]
[EventCountry "FRA"]
[EventCategory "4"]
[SourceTitle "EXT 2001"]
[Source "ChessBase"]
[SourceDate "2000.11.22"]
[SourceVersion "1"]
[SourceVersionDate "2000.11.22"]
[SourceQuality "1"]

1. d4 Nf6 2. Nf3 g6 3. c4 Bg7 4. Nc3 0-0 5. e4 d6 6. Be2 Na6 7. 0-0 e5 8. Be3 Ng4 9. Bg5 Qe8 10. h3 h6 11. Bh4 Nf6 12. d5 Nh5 13. Ne1 Nf4 14. Bf3 f5 15. Bg3 Qf7 16. exf5 Bxf5 17. Rc1 Nc5 18. Bxf4 exf4 19. b4 Nd7 20. Be4 a5 21. a3 Ne5 22. Nf3 Rfe8 23. Bxf5 Nxf3+ 24. Qxf3 Qxf5 25. Nb5 axb4 26. axb4 Re7 27. c5 Be5 28. Rfe1 Ra6 29. Rc4 Qd7 30. c6 bxc6 31. dxc6 Qe8 32. Rd1 Qf7 33. Qd3 Rb6 34. Na3 Ra6 35. Nb5 Ra2 36. Rc2 Ra4 37. Rc4 Ra2 38. f3 Kg7 39. Nc3 Ra3 40. Rc1 Qf6 41. Qd2 Bxc3 42. R4xc3 Rxc3 43. Qxc3 Qxc3 44. Rxc3 Re1+ 45. Kh2 Rb1 46. Rc4 g5 47. h4 Kf6 48. hxg5+ hxg5 49. g3 d5 50. Rc5 Ke5 51. Rb5 Kd6 52. Rb8 Kxc6 53. Kh3 Rg1 54. Kh2 Rxg3 55. Rf8 Rxf3 0-1

[Event "Clichy MI"]
[Site "Clichy"]
[Date "2000.??.??"]
[Round "1"]
[White "Daillet, Emmanuel"]
[Black "Verat, Laurent"]
[Result "1-0"]
[WhiteElo "2231"]
[BlackElo "2334"]
[PlyCount "111"]
[EventDate "2000.02.??"]
[EventType "tourn"]
[EventRounds "9"]
[EventCountry "FRA"]
[EventCategory "4"]
[SourceTitle "EXT 2001"]
[Source "ChessBase"]
[SourceDate "2000.11.22"]
[SourceVersion "1"]
[SourceVersionDate "2000.11.22"]
[SourceQuality "1"]

1. e4 e5 2. Nf3 Nc6 3. Bb5 Nf6 4. 0-0 Nxe4 5. d4 Be7 6. Qe2 Nd6 7. Bxc6 bxc6 8. dxe5 Nf5 9. Qe4 g6 10. Rd1 0-0 11. c4 d5 12. exd6 Bxd6 13. Nc3 Bd7 14. c5 Bxc5 15. Bg5 Qc8 16. Qc4 Bd6 17. Ne4 h6 18. Nf6+ Kg7 19. Qc3 hxg5 20. Nxd7+ Kh6 21. Nxf8 Qxf8 22. Ne5 c5 23. Rd3 Nd4 24. Rh3+ Kg7 25. Nf3 Be5 26. Nxd4 Bxd4 27. Qd2 Qd8 28. Rd1 Rb8 29. Rd3 Qf6 30. b3 Rb6 31. h3 Qf4 32. Qxf4 gxf4 33. Kf1 Re6 34. a4 Rb6 35. Re1 Re6 36. b4 Rxe1+ 37. Kxe1 Kf6 38. Ke2 Ke6 39. bxc5 Bxc5 40. Kf3 Bd6 41. Ke4 f5+ 42. Kd4 a5 43. Kc4 Bb4 44. Kb5 c5 45. f3 Kf6 46. Rd6+ Kg5 47. Ra6 Kh5 48. Rxa5 Bxa5 49. Kxa5 Kh4 50. Kb5 Kg3 51. a5 Kxg2 52. a6 Kxf3 53. a7 Kg3 54. a8Q f3 55. Kxc5 f2 56. Qh1 1-0

[Event "Paris-ch op"]
[Site "Paris"]
[Date "1999.07.22"]
[Round "6"]
[White "Sahetchian, Armand"]
[Black "Daillet, Emmanuel"]
[Result "1-0"]
[WhiteElo "2172"]
[BlackElo "2281"]
[PlyCount "56"]
[EventDate "1999.07.17"]
[EventType "swiss"]
[EventRounds "9"]
[EventCountry "FRA"]
[SourceTitle "EXT 2000"]
[Source "ChessBase"]
[SourceDate "1999.11.16"]
[SourceVersion "1"]
[SourceVersionDate "1999.11.16"]
[SourceQuality "1"]

1. Nf3 d5 2. g3 c5 3. Bg2 Nc6 4. 0-0 Nf6 5. d3 g6 6. Nbd2 Bg7 7. e4 0-0 8. c3 e5 9. Re1 h6 10. a3 dxe4 11. dxe4 Qe7 12. b4 Rd8 13. Qc2 cxb4 14. axb4 Qc7 15. Nc4 Be6 16. Ne3 Rac8 17. Qb1 b6 18. Bf1 a5 19. b5 Nb8 20. c4 Nbd7 21. Bb2 Ne8 22. h4 Nc5 23. Nd5 Bxd5 24. exd5 Nb3 25. Ra3 Nd4 26. Nxd4 exd4 27. Qd3 Nd6 28. Bxd4 Nxb5 1-0

[Event "Saint Quentin op"]
[Site "Saint Quentin"]
[Date "1999.04.18"]
[Round "2"]
[White "Daillet, Emmanuel"]
[Black "Solozhenkin, Evgeniy"]
[Result "0-1"]
[WhiteElo "2279"]
[BlackElo "2545"]
[PlyCount "56"]
[EventDate "1999.04.??"]
[EventType "swiss"]
[EventRounds "9"]
[EventCountry "FRA"]
[SourceTitle "EXT 2000"]
[Source "ChessBase"]
[SourceDate "1999.11.16"]
[SourceVersion "1"]
[SourceVersionDate "1999.11.16"]
[SourceQuality "1"]

1. e4 c6 2. d4 d5 3. Nd2 dxe4 4. Nxe4 Bf5 5. Ng3 Bg6 6. Nf3 e6 7. h4 h6 8. h5 Bh7 9. Bd3 Bxd3 10. Qxd3 Nf6 11. Bd2 c5 12. Qb5+ Qd7 13. a4 a6 14. Qe2 cxd4 15. Rh4 Nc6 16. Nf5 d3 17. cxd3 Rd8 18. N5d4 Be7 19. Nxc6 Qxc6 20. Rc1 Qd5 21. Rc7 Bd6 22. Rd4 Bxc7 23. Rxd5 Rxd5 24. Bc3 Nxh5 25. g3 0-0 26. Nd2 Rfd8 27. Ne4 Be5 28. f4 Bxc3+ 0-1

[Event "Saint Quentin op"]
[Site "Saint Quentin"]
[Date "1999.04.17"]
[Round "1"]
[White "Dazin, Claude"]
[Black "Daillet, Emmanuel"]
[Result "0-1"]
[WhiteElo "2035"]
[BlackElo "2279"]
[PlyCount "94"]
[EventDate "1999.04.??"]
[EventType "swiss"]
[EventRounds "9"]
[EventCountry "FRA"]
[SourceTitle "EXT 2000"]
[Source "ChessBase"]
[SourceDate "1999.11.16"]
[SourceVersion "1"]
[SourceVersionDate "1999.11.16"]
[SourceQuality "1"]

1. e4 Nc6 2. Nf3 e5 3. Bc4 Nf6 4. d3 Bc5 5. c3 d6 6. 0-0 0-0 7. Bg5 h6 8. Be3 Bb6 9. Nbd2 d5 10. Bxb6 axb6 11. Bb3 Re8 12. Qe2 Na5 13. Bc2 c5 14. a3 Nc6 15. Rfd1 Nh5 16. Nf1 Nf4 17. Qd2 Bg4 18. Ng3 Bxf3 19. gxf3 d4 20. Kh1 g6 21. Rg1 Kh7 22. c4 Qf6 23. Bd1 h5 24. Ne2 Nh3 25. Rg2 Qxf3 26. Ng1 Qf4 27. Qe1 Nxg1 28. Qxg1 Rg8 29. Rg3 Raf8 30. Rg5 f6 31. Rg3 Nd8 32. Rh3 Nf7 33. Rf3 Qg5 34. Rg3 Qd2 35. Rb1 Ng5 36. b4 Rg7 37. bxc5 bxc5 38. Rb6 Qa5 39. Rb3 Ne6 40. Qf1 Nf4 41. Bc2 Qd2 42. Bd1 Ra8 43. a4 Rxa4 44. Rxb7 Ra1 45. Rxg7+ Kxg7 46. Rg1 h4 47. h3 Qxd3 0-1

[Event "Montigny le Bretonneux op"]
[Site "Montigny le Bretonneux"]
[Date "1999.??.??"]
[Round "4"]
[White "Daillet, Emmanuel"]
[Black "Leuly, Max"]
[Result "0-1"]
[WhiteElo "2281"]
[BlackElo "2130"]
[PlyCount "44"]
[EventDate "1999.11.??"]
[EventType "swiss"]
[EventRounds "7"]
[EventCountry "FRA"]
[SourceTitle "EXT 2002"]
[Source "ChessBase"]
[SourceDate "2001.11.25"]
[SourceVersion "1"]
[SourceVersionDate "2001.11.25"]
[SourceQuality "1"]

1. e4 c5 2. Nf3 d6 3. d4 cxd4 4. Nxd4 Nf6 5. Nc3 g6 6. Be3 Bg7 7. f3 0-0 8. Qd2 Nc6 9. g4 Bxg4 10. fxg4 Nxg4 11. Nb3 a5 12. a4 Nxe3 13. Qxe3 Nb4 14. 0-0-0 Rc8 15. Kb1 Qc7 16. Rd2 Bxc3 17. bxc3 Qxc3 18. Qxc3 Rxc3 19. Kb2 Rfc8 20. Bd3 b6 21. Rc1 Nxd3+ 22. cxd3 Rxb3+ 0-1

[Event "Clichy"]
[Site "Clichy"]
[Date "1999.??.??"]
[Round "6"]
[White "Daillet, Emmanuel"]
[Black "Mrdja, Milan"]
[Result "0-1"]
[WhiteElo "2279"]
[BlackElo "2410"]
[PlyCount "76"]
[EventDate "1999.??.??"]
[EventType "tourn"]
[EventRounds "9"]
[EventCountry "FRA"]
[EventCategory "4"]
[SourceTitle "EXT 2000"]
[Source "ChessBase"]
[SourceDate "1999.11.16"]
[SourceVersion "1"]
[SourceVersionDate "1999.11.16"]
[SourceQuality "1"]

1. e4 Nf6 2. e5 Nd5 3. d4 d6 4. Nf3 Bg4 5. Be2 c6 6. c4 Bxf3 7. Bxf3 Nb6 8. e6 fxe6 9. Qe2 g6 10. h4 Bg7 11. h5 N8d7 12. Nc3 e5 13. d5 cxd5 14. cxd5 Rc8 15. Be4 Nf8 16. hxg6 hxg6 17. Rxh8 Bxh8 18. Bh6 Nbd7 19. Qg4 Qa5 20. Rc1 Kd8 21. Bxg6 Nxg6 22. Qxg6 e4 23. Kf1 Bxc3 24. Qg8+ Kc7 25. Rxc3+ Qxc3 26. Qxc8+ Kxc8 27. bxc3 Nf6 28. Be3 Nxd5 29. Bxa7 Nxc3 30. Be3 Nxa2 31. Bd2 b5 32. Ke2 b4 33. Kd1 b3 34. Bc1 Kd7 35. Bb2 e5 36. Kd2 Ke6 37. Ke3 d5 38. g4 Nb4 0-1

[Event "Clichy"]
[Site "Clichy"]
[Date "1999.??.??"]
[Round "5"]
[White "Leconte, Maria"]
[Black "Daillet, Emmanuel"]
[Result "1-0"]
[WhiteElo "2315"]
[BlackElo "2279"]
[PlyCount "79"]
[EventDate "1999.??.??"]
[EventType "tourn"]
[EventRounds "9"]
[EventCountry "FRA"]
[EventCategory "4"]
[SourceTitle "EXT 2000"]
[Source "ChessBase"]
[SourceDate "1999.11.16"]
[SourceVersion "1"]
[SourceVersionDate "1999.11.16"]
[SourceQuality "1"]

1. Nf3 Nf6 2. g3 g6 3. Bg2 Bg7 4. 0-0 0-0 5. Re1 c5 6. e4 Nc6 7. c3 d5 8. e5 Nd7 9. d4 cxd4 10. cxd4 Nb6 11. h3 Bf5 12. Nh4 Be6 13. Nc3 Qd7 14. Kh2 f6 15. f4 fxe5 16. dxe5 g5 17. Nf3 gxf4 18. Bxf4 Bf5 19. Ng5 e6 20. Na4 Nb4 21. Nxb6 axb6 22. Be4 Rac8 23. Re2 Qe7 24. Bxf5 Rxf5 25. a3 Nc6 26. Nf3 Rff8 27. Qd3 h6 28. Rf1 Rcd8 29. Qd2 Kh7 30. Nh4 Qe8 31. b4 b5 32. Qd3+ Kg8 33. Qxb5 Nxe5 34. Qb6 Nc6 35. Rfe1 e5 36. Nf3 Qd7 37. Nxe5 Nxe5 38. Bxe5 Bxe5 39. Rxe5 Rf2+ 40. Qxf2 1-0

[Event "Clichy"]
[Site "Clichy"]
[Date "1999.??.??"]
[Round "9"]
[White "Velikov, Petar"]
[Black "Daillet, Emmanuel"]
[Result "1-0"]
[WhiteElo "2492"]
[BlackElo "2279"]
[PlyCount "48"]
[EventDate "1999.??.??"]
[EventType "tourn"]
[EventRounds "9"]
[EventCountry "FRA"]
[EventCategory "4"]
[SourceTitle "EXT 2000"]
[Source "ChessBase"]
[SourceDate "1999.11.16"]
[SourceVersion "1"]
[SourceVersionDate "1999.11.16"]
[SourceQuality "1"]

1. Nf3 Nf6 2. g3 g6 3. Bg2 Bg7 4. c4 0-0 5. 0-0 d6 6. d4 Nc6 7. Nc3 a6 8. b3 Rb8 9. e3 Na5 10. Bb2 b5 11. cxb5 axb5 12. Rc1 Bb7 13. Qc2 c5 14. dxc5 dxc5 15. Rfd1 Qb6 16. e4 Rfd8 17. e5 Ng4 18. Ne4 c4 19. Bd4 Qc6 20. Nfg5 cxb3 21. Qe2 Rxd4 22. Rxc6 Rxd1+ 23. Qxd1 Bxc6 24. axb3 Nxe5 1-0

[Event "Paris op"]
[Site "Paris"]
[Date "1998.??.??"]
[Round "7"]
[White "Daillet, Emmanuel"]
[Black "Belkhodja, Slim"]
[Result "0-1"]
[WhiteElo "2285"]
[BlackElo "2440"]
[PlyCount "46"]
[EventDate "1998.07.??"]
[EventType "swiss"]
[EventRounds "9"]
[EventCountry "FRA"]
[SourceTitle "EXT 2000"]
[Source "ChessBase"]
[SourceDate "1999.11.16"]
[SourceVersion "1"]
[SourceVersionDate "1999.11.16"]
[SourceQuality "1"]

1. e4 c5 2. c3 e6 3. d4 d5 4. exd5 exd5 5. Nf3 Nc6 6. Bb5 Bd6 7. 0-0 Nge7 8. dxc5 Bxc5 9. Nbd2 0-0 10. Nb3 Bb6 11. Re1 Bg4 12. Be3 Bxe3 13. Rxe3 Nf5 14. Re1 Nd6 15. Bxc6 bxc6 16. h3 Bh5 17. Nc5 Qc7 18. g4 Bg6 19. Nh4 Rfe8 20. Nxg6 hxg6 21. Kg2 Rxe1 22. Qxe1 Re8 23. Qd1 Nc4 0-1

[Event "Paris op"]
[Site "Paris"]
[Date "1998.??.??"]
[Round "5"]
[White "Daillet, Emmanuel"]
[Black "Stevic, Hrvoje"]
[Result "0-1"]
[WhiteElo "2285"]
[BlackElo "2465"]
[PlyCount "40"]
[EventDate "1998.07.??"]
[EventType "swiss"]
[EventRounds "9"]
[EventCountry "FRA"]
[SourceTitle "EXT 2000"]
[Source "ChessBase"]
[SourceDate "1999.11.16"]
[SourceVersion "1"]
[SourceVersionDate "1999.11.16"]
[SourceQuality "1"]

1. e4 c5 2. Nf3 e6 3. d4 cxd4 4. Nxd4 Nf6 5. Nc3 d6 6. f4 Nc6 7. Be3 e5 8. Nf3 Ng4 9. Bg1 exf4 10. Nd5 Nf6 11. Qe2 Qa5+ 12. b4 Qa3 13. c3 Nxd5 14. exd5+ Be7 15. Qd2 Bf6 16. Rc1 Ne5 17. Nd4 a6 18. Rb1 0-0 19. Be2 Re8 20. Rb3 Qa4 0-1

[Event "Paris Apsap op"]
[Site "Paris"]
[Date "1998.??.??"]
[Round "?"]
[White "Grichkevitch, Gilles"]
[Black "Daillet, Emmanuel"]
[Result "0-1"]
[WhiteElo "2250"]
[BlackElo "2295"]
[PlyCount "36"]
[EventDate "1998.??.??"]
[EventType "swiss"]
[EventRounds "9"]
[EventCountry "FRA"]
[SourceTitle "EXT 2002"]
[Source "ChessBase"]
[SourceDate "2001.11.25"]
[SourceVersion "1"]
[SourceVersionDate "2001.11.25"]
[SourceQuality "1"]

1. e4 c5 2. Nf3 d6 3. d4 cxd4 4. Nxd4 Nc6 5. Bb5 Bd7 6. Bxc6 bxc6 7. e5 Qb6 8. Nf3 d5 9. 0-0 e6 10. c4 Ne7 11. Ng5 Nf5 12. g4 h6 13. Nxf7 g5 14. Qf3 Nh4 15. Qf6 Qd4 16. Nd6+ Bxd6 17. Qxh8+ Bf8 18. h3 Qe4 0-1

[Event "Cannes Martinez op"]
[Site "Cannes"]
[Date "1996.??.??"]
[Round "3"]
[White "Daillet, Emmanuel"]
[Black "Houriez, Alain"]
[Result "1-0"]
[WhiteElo "2285"]
[BlackElo "2090"]
[PlyCount "79"]
[EventDate "1996.08.??"]
[EventType "swiss"]
[EventRounds "9"]
[EventCountry "FRA"]
[SourceTitle "EXT 1998"]
[Source "ChessBase"]
[SourceDate "1997.11.17"]
[SourceVersion "1"]
[SourceVersionDate "1997.11.17"]
[SourceQuality "1"]

1. e4 c5 2. Nf3 Nc6 3. d4 cxd4 4. Nxd4 Nf6 5. Nc3 e5 6. Ndb5 d6 7. Bg5 a6 8. Na3 b5 9. Bxf6 gxf6 10. Nd5 Bg7 11. Bd3 Ne7 12. Nxe7 Qxe7 13. 0-0 f5 14. c4 0-0 15. cxb5 d5 16. f3 fxe4 17. fxe4 f5 18. Qb3 Be6 19. exd5 Qc5+ 20. Kh1 Bxd5 21. Rac1 Bxb3 22. Rxc5 Bxa2 23. Bxf5 Rad8 24. g4 axb5 25. Nxb5 Rd2 26. Nc3 Rxb2 27. Rc7 Kh8 28. Ra1 e4 29. Nxa2 Ra8 30. Bxe4 Re8 31. Bf5 Ree2 32. Rc8+ Bf8 33. Nc3 Rxh2+ 34. Kg1 Rbg2+ 35. Kf1 Rf2+ 36. Ke1 Rfg2 37. Bd3 Rg1+ 38. Bf1 Kg7 39. Ra7+ Kh6 40. Rxf8 1-0

[Event "Cannes Martinez op"]
[Site "Cannes"]
[Date "1996.??.??"]
[Round "4"]
[White "Gregus, Laszlo"]
[Black "Daillet, Emmanuel"]
[Result "0-1"]
[WhiteElo "2090"]
[BlackElo "2285"]
[PlyCount "102"]
[EventDate "1996.08.??"]
[EventType "swiss"]
[EventRounds "9"]
[EventCountry "FRA"]
[SourceTitle "EXT 1998"]
[Source "ChessBase"]
[SourceDate "1997.11.17"]
[SourceVersion "1"]
[SourceVersionDate "1997.11.17"]
[SourceQuality "1"]

1. e4 c5 2. c4 Nc6 3. Nf3 g6 4. Nc3 Bg7 5. Be2 Nf6 6. 0-0 0-0 7. d4 cxd4 8. Nxd4 Nxe4 9. Nxc6 Nxc3 10. Nxe7+ Qxe7 11. bxc3 d5 12. cxd5 Rd8 13. Bf3 Bxc3 14. Rb1 Bf5 15. Rb3 Rac8 16. Ba3 Qf6 17. d6 b6 18. Bb7 Rb8 19. Ba6 Be5 20. Qc1 Bxd6 21. Bxd6 Qxd6 22. Rf3 b5 23. Qa3 Rb6 24. Qxd6 Rdxd6 25. a4 Rxa6 26. axb5 Ra5 27. h3 h5 28. Rc3 Rxb5 29. Ra1 a5 30. Rca3 Ra6 31. f3 Rb1+ 32. Rxb1 Bxb1 33. Kf2 h4 34. Ke3 a4 35. Kf4 Bc2 36. Kg4 Bb3 37. Kxh4 Rd6 38. g4 Rd3 39. f4 Kg7 40. Ra1 Rd1 41. Ra3 Kf6 42. Kg3 Ke6 43. Kh4 f6 44. Kg3 Kd6 45. h4 Rd3+ 46. Kf2 Rd2+ 47. Ke3 Ra2 48. Rxa2 Bxa2 49. Kd4 Be6 50. h5 gxh5 51. gxh5 Ke7 0-1

[Event "Syre Memorial op 18th"]
[Site "Issy les Moulineaux"]
[Date "1995.05.??"]
[Round "?"]
[White "Daillet, Emmanuel"]
[Black "Lepine, Robert"]
[Result "1-0"]
[WhiteElo "2290"]
[BlackElo "2160"]
[PlyCount "83"]
[EventDate "1995.05.??"]
[EventType "swiss"]
[EventRounds "6"]
[EventCountry "FRA"]
[SourceTitle "EXT 2007"]
[Source "ChessBase"]
[SourceDate "2006.11.23"]
[SourceVersion "1"]
[SourceVersionDate "2006.11.23"]
[SourceQuality "1"]

1. d4 Nf6 2. Nf3 g6 3. c4 Bg7 4. Nc3 0-0 5. g3 d6 6. Bg2 Nc6 7. 0-0 e5 8. dxe5 dxe5 9. Qxd8 Rxd8 10. Bg5 Rf8 11. Rfd1 h6 12. Be3 a6 13. Nd5 Nxd5 14. cxd5 Nb8 15. Rac1 c6 16. Nd2 Bd7 17. Nc4 cxd5 18. Nb6 d4 19. Nxa8 dxe3 20. Bxb7 exf2+ 21. Kxf2 Bg4 22. Rc4 h5 23. Nc7 e4 24. b3 Nd7 25. Bxe4 Nf6 26. Bg2 h4 27. Bf3 hxg3+ 28. hxg3 Bc8 29. g4 Bh6 30. Kg3 Be3 31. Rc6 Kg7 32. Rxf6 Kxf6 33. Nd5+ Kg7 34. Nxe3 f5 35. gxf5 gxf5 36. Kf4 Be6 37. Rd6 Kf7 38. Bd5 Bxd5 39. Nxd5 Rh8 40. Rxa6 Rh2 41. e3 Rd2 42. Ke5 1-0

[Event "Paris op"]
[Site "Paris"]
[Date "1995.??.??"]
[Round "?"]
[White "Luce, Sebastien"]
[Black "Daillet, Emmanuel"]
[Result "1-0"]
[WhiteElo "2410"]
[BlackElo "2290"]
[PlyCount "41"]
[EventDate "1995.04.??"]
[EventType "swiss"]
[EventRounds "9"]
[EventCountry "FRA"]
[SourceTitle "EXT 1997"]
[Source "ChessBase"]
[SourceDate "1996.11.15"]
[SourceVersion "1"]
[SourceVersionDate "1996.11.15"]
[SourceQuality "1"]

1. Nf3 Nf6 2. g3 g6 3. b3 Bg7 4. Bb2 0-0 5. Bg2 d6 6. d4 Nbd7 7. 0-0 e5 8. dxe5 Ng4 9. Nbd2 Ndxe5 10. Qc1 Re8 11. Nxe5 Nxe5 12. c4 Bg4 13. f4 Nc6 14. Bxg7 Kxg7 15. Ne4 f6 16. Qb2 Qe7 17. Rae1 d5 18. cxd5 Nb4 19. Qd2 Bf5 20. d6 cxd6 21. Nxf6 1-0

[Event "FRA-ch op FIDE"]
[Site "Paris"]
[Date "1994.??.??"]
[Round "3"]
[White "Lamoureux, Serge"]
[Black "Daillet, Emmanuel"]
[Result "0-1"]
[WhiteElo "2060"]
[BlackElo "2305"]
[PlyCount "50"]
[EventDate "1994.??.??"]
[EventType "swiss"]
[EventRounds "9"]
[EventCountry "FRA"]
[SourceTitle "EXT 1998"]
[Source "ChessBase"]
[SourceDate "1997.11.17"]
[SourceVersion "1"]
[SourceVersionDate "1997.11.17"]
[SourceQuality "1"]

1. d4 Nf6 2. c4 e6 3. Nc3 c5 4. d5 exd5 5. cxd5 d6 6. e4 g6 7. f4 Bg7 8. Nf3 0-0 9. Be2 b5 10. Bxb5 Nxe4 11. Nxe4 Qa5+ 12. Qd2 Qxb5 13. Nxd6 Qa6 14. Nxc8 Rxc8 15. a4 Nd7 16. Ra3 Re8+ 17. Kf2 Nf6 18. Qd1 Ne4+ 19. Kg1 c4 20. a5 c3 21. bxc3 Nxc3 22. Qf1 Qd6 23. Qd3 Qc5+ 24. Kf1 Nb5 25. Be3 Rxe3 0-1

[Event "FRA"]
[Site "France"]
[Date "1993.??.??"]
[Round "?"]
[White "Kosten, Anthony C"]
[Black "Daillet, Emmanuel"]
[Result "1-0"]
[WhiteElo "2505"]
[BlackElo "2315"]
[PlyCount "79"]
[EventDate "1993.??.??"]
[EventType "team"]
[EventRounds "11"]
[EventCountry "FRA"]
[SourceTitle "TD"]
[Source "ChessBase"]
[SourceDate "1994.03.01"]
[SourceVersion "1"]
[SourceVersionDate "1994.03.01"]
[SourceQuality "1"]

1. c4 e6 2. Nf3 Nf6 3. g3 d5 4. b3 Be7 5. Bg2 0-0 6. 0-0 c5 7. e3 Nc6 8. Bb2 d4 9. exd4 cxd4 10. Re1 Ne8 11. d3 f5 12. a3 a5 13. Nbd2 Nc7 14. Qc2 Na6 15. Ne5 Nxe5 16. Rxe5 Bf6 17. Ree1 Qb6 18. Nf3 Rd8 19. Rab1 Qc5 20. Qe2 Qd6 21. Bc1 h6 22. h4 Ra7 23. Ne5 Bxe5 24. Qxe5 Nc5 25. Qe2 b6 26. Bf4 Qf8 27. Qc2 Bd7 28. Be5 Be8 29. b4 Ba4 30. Qe2 Nb3 31. c5 bxc5 32. b5 c4 33. b6 Rf7 34. dxc4 d3 35. Qe3 Nc5 36. Bc7 Rdd7 37. Qd2 Rxc7 38. bxc7 Rxc7 39. Qxa5 Rd7 40. Bf3 1-0

[Event "FRA"]
[Site "France"]
[Date "1993.??.??"]
[Round "?"]
[White "Pira, Davoud"]
[Black "Daillet, Emmanuel"]
[Result "1-0"]
[WhiteElo "2350"]
[BlackElo "2315"]
[PlyCount "68"]
[EventDate "1993.??.??"]
[EventType "team"]
[EventRounds "11"]
[EventCountry "FRA"]
[SourceTitle "TD"]
[Source "ChessBase"]
[SourceDate "1994.03.01"]
[SourceVersion "1"]
[SourceVersionDate "1994.03.01"]
[SourceQuality "1"]

1. d4 Nf6 2. Nf3 d5 3. c4 e6 4. Nc3 c6 5. e3 Be7 6. Bd3 Nbd7 7. 0-0 0-0 8. b3 Bd6 9. Qc2 h6 10. Rd1 Qe7 11. h3 b6 12. cxd5 exd5 13. e4 dxe4 14. Nxe4 Nxe4 15. Bxe4 Bb7 16. Re1 Qd8 17. Ne5 Nxe5 18. dxe5 Be7 19. Re3 Bg5 20. Rd3 Qe7 21. f4 f5 22. Bxc6 Rac8 23. Rc3 Bxc6 24. Rxc6 Qd7 25. Rxc8 Rxc8 26. Qd2 Qxd2 27. Bxd2 Rc2 28. fxg5 Rxd2 29. g6 Kf8 30. Rf1 Ke7 31. Rxf5 Ke6 32. Rf7 Rxa2 33. Rxg7 Kxe5 34. Rf7 Ke6 1-0

[Event "FRA"]
[Site "France"]
[Date "1993.??.??"]
[Round "?"]
[White "Roos, Jean Luc"]
[Black "Daillet, Emmanuel"]
[Result "1/2-1/2"]
[WhiteElo "2355"]
[BlackElo "2315"]
[PlyCount "112"]
[EventDate "1993.??.??"]
[EventType "team"]
[EventRounds "11"]
[EventCountry "FRA"]
[SourceTitle "TD"]
[Source "ChessBase"]
[SourceDate "1994.03.01"]
[SourceVersion "1"]
[SourceVersionDate "1994.03.01"]
[SourceQuality "1"]

1. e4 Nc6 2. Nf3 e5 3. Bc4 Nf6 4. d3 Bc5 5. 0-0 0-0 6. Re1 d6 7. c3 Qe7 8. Nbd2 Be6 9. Bb5 Bb6 10. Nc4 Nd7 11. Nxb6 axb6 12. a3 Ra5 13. Ba4 Bg4 14. Bb3 Nc5 15. Ba2 Ne6 16. h3 Bh5 17. g4 Bg6 18. d4 Nf4 19. Bxf4 exf4 20. Bd5 Nd8 21. b4 Ra8 22. e5 c6 23. exd6 Qxd6 24. Bb3 c5 25. dxc5 Qxd1 26. Rexd1 bxc5 27. Ne5 cxb4 28. axb4 Rc8 29. Nxg6 hxg6 30. Rd3 Nc6 31. Re1 Rfd8 32. Rd5 Kf8 33. Re4 f6 34. Rxf4 Ke7 35. Re4+ Kf8 36. Re3 g5 37. Kg2 Ne5 38. Rxd8+ Rxd8 39. c4 Nd3 40. b5 b6 41. Kg3 Rd4 42. f3 Nf4 43. Kh2 Rd2+ 44. Kh1 Rd3 45. Rxd3 Nxd3 46. Bc2 Nc5 47. Kg2 Ke7 48. Kg3 Ne6 49. h4 Kd6 50. hxg5 fxg5 51. Bh7 Ke5 52. Bg8 Nf4 53. Bf7 Kd4 54. Bg8 Nd3 55. Be6 Ke3 56. Bg8 Nc5 1/2-1/2

[Event "FRA"]
[Site "France"]
[Date "1993.??.??"]
[Round "?"]
[White "Spassky, Boris Vasilievich"]
[Black "Daillet, Emmanuel"]
[Result "1-0"]
[WhiteElo "2565"]
[BlackElo "2315"]
[PlyCount "67"]
[EventDate "1993.??.??"]
[EventType "team"]
[EventRounds "11"]
[EventCountry "FRA"]
[SourceTitle "TD"]
[Source "ChessBase"]
[SourceDate "1994.03.01"]
[SourceVersion "1"]
[SourceVersionDate "1994.03.01"]
[SourceQuality "1"]

1. d4 Nf6 2. c4 c5 3. d5 e6 4. Nc3 exd5 5. cxd5 d6 6. e4 g6 7. Nf3 Bg7 8. Bg5 h6 9. Bh4 g5 10. Bg3 Nh5 11. Bb5+ Kf8 12. a4 Nxg3 13. hxg3 Nd7 14. Nd2 Ne5 15. Qc2 a6 16. Be2 Rb8 17. a5 b5 18. axb6 Qxb6 19. f4 Qxb2 20. Qxb2 Rxb2 21. fxe5 Bxe5 22. Ra3 Bxg3+ 23. Kd1 Bf4 24. Nc4 Rb4 25. Kc2 Bg4 26. Kd3 Bd7 27. Rxa6 Kg7 28. Ra7 Rd8 29. Bh5 Kg8 30. Rf1 f5 31. Bg6 fxe4+ 32. Nxe4 Rxc4 33. Kxc4 Be5 34. Nf6+ 1-0